Dr. S. R. Lasker Library Online Catalogue

Home      Library Home      Institutional Repository      E-Resources      MyAthens      EWU Home

Normal view MARC view

Entry Corporate Name

Number of records used in: 1

001 - CONTROL NUMBER

  • control field: 24077

003 - CONTROL NUMBER IDENTIFIER

  • control field: BD-DhEWU

005 - DATE AND TIME OF LATEST TRANSACTION

  • control field: 20190219130840.0

008 - FIXED-LENGTH DATA ELEMENTS

  • fixed length control field: 190219|| aca||aabn | a|a d

040 ## - CATALOGING SOURCE

  • Original cataloging agency: BD-DhEWU
  • Transcribing agency: BD-DhEWU

110 ## - HEADING--CORPORATE NAME

  • Corporate name or jurisdiction name as entry element: Netherlands.
  • Subordinate unit: Directoraat-Generaal Internationale Samenwerking.

670 ## - SOURCE DATA FOUND

  • Source citation: Work cat.: (BD-DhEWU)0: Community partnership for sustainable water management :, 1998.